00492 a2200181 450000100060000002000150000604000240002110000260004524000290007124500240010030000070012436200090013144000110014065000310015194200070018295201040018999900170029370471 a8534919585 cAnchieta - Itaigara aAmaral, Maria Lúcia10aAlfredo e os peixeslpor10aAlfredo e os peixes a150 a2002 1aPaulus 4aLiteratura infanto-juvenil cBK 00104070a88.1b88.1d2023-11-21l0o028.5 AMA ALFp3914/ITAr2023-11-21 20:05:30w2023-11-21yBK c70471d70471